Réalisateurs par images de films #1 - Statistiques

Statistiques générales
  • Ce quiz a été pris 206 fois
  • Le résultat moyen est 6 sur 10
Statistiques - réponses
Par images Réponse % Correct
Steven Spielberg
96%
Quentin Tarantino
94%
Christopher Nolan
86%
David Fincher
69%
Wes Anderson
68%
Sofia Coppola
51%
Guillermo del Toro
49%
Pedro Almodóvar
41%
Yórgos Lánthimos
23%
Ron Howard
21%
Aucun quiz correspondant
Distribution des résultats
% des personnes avec chaque résultat
Percentile par nombre de réponses
Votre historique - résultats
Vous n’avez pas pris ce quiz